| 000 | 00913nam a2200253Ia 4500 | ||
|---|---|---|---|
| 003 | OSt | ||
| 005 | 20221005112525.0 | ||
| 006 | a|||||r|||| 00| 0 | ||
| 007 | ta | ||
| 008 | 221004b |||||||| |||| 00| 0 pan d | ||
| 020 |
_a9789350174401 (hbk) _c175 |
||
| 024 | _a7715 | ||
| 037 |
_b679, 04/06/2013, H.K. Prakashan _cTextual |
||
| 040 |
_aCRL _cCRL _bpan |
||
| 041 |
_2pan _apan |
||
| 082 | _aO153,1(Delta73):g, Q1 | ||
| 100 | _aਸਿੰਘ, ਭਲੰਿਦਰ | ||
| 245 | 0 | _aਸੂਖ਼ੀਵਾਦ ਅਤੇ ਪੰਜਾਬੀ ਸੂਖ਼ੀ ਕਾਵਿ ਪ੍ਰਵਚਨ | |
| 260 |
_aਚੰਡੀਗੜ _bਲੋਕਗੀਤ ਭਾਰਤ _c2011 |
||
| 300 |
_a144ਪੰ _ccm. |
||
| 650 | _aਪੰਜਾਬੀ ਸਾਹਿਤ | ||
| 942 |
_hO153,1(Delta73):g, Q1 _cTEXL _2cc |
||
| 999 |
_c1025152 _d1025152 |
||